Detalles MARC
| 000 -LEADER |
| campo de control de longitud fija |
01800nam a2200289 i 4500 |
| 001 - NÚMERO DE CONTROL |
| campo de control |
180907 |
| 003 - IDENTIFICADOR DE NÚMERO DE CONTROL |
| campo de control |
ES-MaACL |
| 005 - FECHA Y HORA DE LA ÚLTIMA TRANSACCIÓN |
| campo de control |
20251013231045.0 |
| 008 - DATOS DE LONGITUD FIJA--INFORMACIÓN GENERAL |
| campo de control de longitud fija |
120823s2011 sp co |||| |dspa d |
| 020 ## - NÚMERO INTERNACIONAL ESTÁNDAR DEL LIBRO |
| Número Internacional Estándar del Libro |
978-84-9941-512-3 |
| 080 ## - NÚMERO DE LA CLASIFICACIÓN DECIMAL UNIVERSAL |
| Número de la Clasificación Decimal Universal |
821.134.2(460.41)-34"19"(082.2) |
| 245 00 - MENCIÓN DEL TÍTULO |
| Título |
Generación 21 |
| Resto del título |
: nuevos novelistas canarios / |
| Mención de responsabilidad, etc. |
(selección, introducción y antología de Ánghel Morales García) ; Víctor Álamo de la Rosa, Víctor Conde, José Luis Correa ... [et al.]. |
| 250 ## - MENCION DE EDICION |
| Mención de edición |
1ª ed. |
| 260 ## - PUBLICACIÓN, DISTRIBUCIÓN, ETC. |
| Lugar de publicación, distribución, etc. |
Santa Cruz de Tenerife : |
| Nombre del editor, distribuidor, etc. |
Aguere : |
| -- |
Idea, |
| Fecha de publicación, distribución, etc. |
2011. |
| 300 ## - DESCRIPCIÓN FÍSICA |
| Extensión |
253 p. : |
| Otras características físicas |
il., retr. ; |
| Dimensiones |
22 cm. |
| 505 8# - NOTA DE CONTENIDO CON FORMATO |
| Nota de contenido con formato |
Contiene: ; |
| Título |
Vino el azúcar / |
| Mención de responsabilidad |
Víctor Álamo de la Rosa. -- |
| Título |
Isabel y las visionautas / |
| Mención de responsabilidad |
Víctor Conde. -- |
| Título |
Vida, pasión y muerte de Felipe Marqués / |
| Mención de responsabilidad |
José Luis Correa. -- |
| Título |
Sin cara ni cruz / |
| Mención de responsabilidad |
David Galloway. -- |
| Título |
El encargo / |
| Mención de responsabilidad |
Santiago Gil. -- |
| Título |
Las seis caras del azar / |
| Mención de responsabilidad |
Cristo Hernández Morales. -- |
| Título |
Los ojos de Henry Fonda / |
| Mención de responsabilidad |
Javier Hernández Velázquez. -- |
| Título |
Huellas en el barro / |
| Mención de responsabilidad |
Álvaro Marcos Arvelo. -- |
| Título |
La edad de Cristo / |
| Mención de responsabilidad |
Pablo Martín Carbajal. -- |
| Título |
Una superviviente, tal vez eso lo explicara todo / |
| Mención de responsabilidad |
Nicolás Melini. -- |
| Título |
Otra vida / |
| Mención de responsabilidad |
Alexis Ravelo. -- |
| Título |
El perro / |
| Mención de responsabilidad |
Anelio Rodríguez Concepción |
| 650 #7 - PUNTO DE ACCESO ADICIONAL DE MATERIA--TÉRMINO DE MATERIA |
| Término de materia o nombre geográfico como elemento de entrada |
Cuentos españoles- |
| Subdivisión geográfica |
Canarias- |
| Subdivisión cronológica |
S.XX. |
| 9 (RLIN) |
11485 |
| 650 #4 - PUNTO DE ACCESO ADICIONAL DE MATERIA--TÉRMINO DE MATERIA |
| Término de materia o nombre geográfico como elemento de entrada |
Novela española- |
| Subdivisión geográfica |
Canarias- |
| Subdivisión general |
Historia y crítica. |
| 9 (RLIN) |
138048 |
| 700 1# - ENTRADA AGREGADA--NOMBRE PERSONAL |
| Nombre de persona |
Morales García, Ánghel, |
| Fechas asociadas al nombre |
1952- |
| 9 (RLIN) |
151344 |
| 700 1# - ENTRADA AGREGADA--NOMBRE PERSONAL |
| Nombre de persona |
Álamo de la Rosa, Víctor, |
| Fechas asociadas al nombre |
1969- |
| 9 (RLIN) |
151345 |
| 700 1# - ENTRADA AGREGADA--NOMBRE PERSONAL |
| Nombre de persona |
Conde, Víctor, |
| Fechas asociadas al nombre |
1973- |
| 9 (RLIN) |
151346 |
| 700 1# - ENTRADA AGREGADA--NOMBRE PERSONAL |
| Nombre de persona |
Correa Santana, José Luis, |
| Fechas asociadas al nombre |
1962- |
| 9 (RLIN) |
151347 |
| 852 ## - LOCALIZACIÓN |
| Ubicación |
ES-MaACL |
| Número de control de estantería |
A-12189 |
| itemnumber |
187786 |
| Ubicación en estantería |
Depósito 1 |
| Signatura antigua |
Olim: N-5194 |
| 942 ## - ELEMENTOS DE ENTRADA SECUNDARIOS (KOHA) |
| Fuente del sistema de clasificación o colocación |
Clasificación decimal universal |
| Tipo de ítem Koha |
Libro impreso |